LEADER 01178nam a2200301 a 4500 001 000000127449 003 CaOOAMICUS 005 20120202112103.0 008 120202s2011 it u000 u ita r 020 $a978-88-13-30850-6 040 $aPUL$bita 082 04$a342 100 1 $aBarile, Paolo.$0(OLS)http://pul/name/12447 245 10$aIstituzioni di diritto pubblico /$cPaolo Barile, Enzo Cheli, Stefano Grassi. 250 $a13. ed. 260 $aPadova :$bCEDAM,$c2011. 300 $aXXII, 553 p. ;$c24 cm 650 14$aDiritto pubblico$zItalia.$0(OLS)http://pul/subject/5771 700 1 $aGrassi, Stefano.$0(OLS)http://pul/name/64428 700 1 $aCheli, Enzo.$0(OLS)http://pul/name/47860 850 $aPUL 852 $aPUL$W1$xSL Diritto e Scienze Sociali 3$y79$m342 BARPA 2$j147463$qDDC 21$B146094$CPULBib$Z2$F146094 $H118952 $82 941 1 $a9 996 $6020$a978-88-13-30850-6$9(OLS)http://pul/number/148789 996 $6082$a342$9(OLS)http://pul/classification/678 996 $6245$aIstituzioni di diritto pubblico$9(OLS)http://pul/title/24860 996 $6260$aPadova :$bCEDAM$9(OLS)http://pul/publisher/48126 LEADER 01093nam a2200277 u 4500 001 000000057431 003 CaOOAMICUS 005 20070226120600.0 008 010509s1980 it u000 u ita u 035 $a10887924 040 $aPUL(R)$bita 100 1 $aSkalicky, Carlo.$0(OLS)http://pul/name/30693 245 10$aTeologia fondamentale /$cCarlo Skalicky. 260 $aRoma :$bIstituto di teologia per corrispondenza del centro "ut unum sint",$c1980. 300 $a328 p. ;$c21 cm 490 1 $aUt unum sint 500 $aContiene indice. 504 $aContiene bibliografia. 650 4$aTeologia fondamentale.$0(OLS)http://pul/subject/146 830 0$aUt unum sint.$0(OLS)http://pul/title/56275 850 $aPUL 852 $aPUL$W1$xSL Religione 1$y3$m60 D 31$j75132$n $b $qStampati$B75132$CPULBib$Z2$F75132 $H $81 941 1 $a8 961 $aINV: 49180 996 $6245$aTeologia fondamentale$9(OLS)http://pul/title/39706 996 $6260$aRoma :$bIstituto di teologia per corrispondenza del centro "ut unum sint"$9(OLS)http://pul/publisher/69439 LEADER 01180nam a2200253 u 4500 001 000000026780 003 CaOOAMICUS 005 20070226111620.0 008 951116s1963 fr a u000 u fre u 035 $a10693025 040 $aIAR$bita$dPUL(R) 100 0 $aVoltaire,$d1694-1778.$0(OLS)http://pul/name/21887 245 10$aEssai sur les moeurs et l'esprit des nations et sur les principaux faits de l'histoire depuis Charlesmagne jusqu'à Louis XIII /$cVoltaire. 246 33$aEsprit des nations 260 $aParis :$bGarnier Frères,$c1963. 300 $a2 v. :$bill. ;$c19 cm 850 $aPUL 852 $aPUL$W1$xDP1 Fondo Ciprotti$y59$m1545 E 23$j37378$nBK-PRI$b $qFondi$B37378$CPULBib$Z2$F37378 $H $81 900 $aVoltaire, François Marie Arouet de,$d1694-1778$921887 941 1 $a1 961 $aINV: Fondo Ciprotti 996 $6245$aEssai sur les moeurs et l'esprit des nations et sur les principaux faits de l'histoire depuis Charlesmagne jusqu'à Louis XIII$9(OLS)http://pul/title/36718 996 $6246$aEsprit des nations$9(OLS)http://pul/title/36719 996 $6260$aParis :$bGarnier Frères$9(OLS)http://pul/publisher/54727 LEADER 01126nam a2200277 u 4500 001 000000087450 003 CaOOAMICUS 005 20070226124416.0 008 051014s1979 fr u000 u fre u 020 $a2-7007-0140-2 035 $a11063787 040 $aPUL(R)$bita 041 1 $afre$hchi 100 1 $aLu, Xun,$d1881-1936.$0(OLS)http://pul/name/57100 245 10$aSur la langue et l'écriture chinoises /$cLuxun ; présentation, traduction et notes par Michelle Loi. 260 $aParis :$bAubier-Montaigne,$cc1979. 300 $a131 p. ;$c22 cm 504 $aBibliografia in nota. 650 4$aLingua cinese$xStoria.$0(OLS)http://pul/subject/29069 700 1 $aLoi, Michelle.$0(OLS)http://pul/name/57101 850 $aPUL 852 $aPUL$W1$xDP1 Fondo Cecchetti$y53$m298 A 10$j110868$nBK-PRI$b $qFondi$B110868$CPULBib$Z2$F110868 $HPUL61124 $81 941 1 $a1 996 $6020$a2-7007-0140-2$9(OLS)http://pul/number/115264 996 $6245$aSur la langue et l'écriture chinoises$9(OLS)http://pul/title/113158 996 $6260$aParis :$bAubier-Montaigne$9(OLS)http://pul/publisher/47976